|
|
|
|
| LEADER |
00000nam a22000007a 4500 |
| 005 |
20220919214121.0 |
| 007 |
cr|||| |||| |
| 008 |
220919s2021 us |||||s|||| 00||0 eng d |
| 020 |
|
|
|a 978-1-58576-231-6
|
| 035 |
|
|
|a 36378
|
| 040 |
|
|
|a vLex
|
| 090 |
|
|
|c 13937
|d 13937
|
| 100 |
1 |
|
|a Kury, Franklin L.
|
| 245 |
1 |
3 |
|a The constitutional question to save the planet
|h [Recurso electrn̤ico] :
|b The peoples' right to a healthy environment /
|c Franklin L. Kury
|
| 256 |
|
|
|a Servicio en ln̕ea
|
| 260 |
|
|
|a Washington DC:
|b Environmental Law Institute,
|c 2021
|
| 300 |
|
|
|a 1 recurso electrn̤ico
|
| 500 |
|
|
|a In this book, Franklin Kury expands upon the story of Article I, Section 27, to demonstrate how its principles can be the basis for addressing climate change in the rest of the world.
|
| 506 |
1 |
|
|a Disponible solo en los productos indicados
|d vLex Global
|d vLex Global (Academic Edition, excluding Law Schools)
|d vLex Global (Academic Edition, Law Schools)
|
| 650 |
0 |
4 |
|a Derecho del Medio Ambiente
|z Estados Unidos
|
| 740 |
0 |
|
|a vLex Libros (Servicio en ln̕ea)
|
| 856 |
4 |
0 |
|u https://app.vlex.com/#/sources/36378
|z Acceso restringido
|
| 942 |
|
|
|c BOOK
|
| 999 |
0 |
|
|a Environmental Law
|